Ιστορία του Οικουμενικού Πατριαρχείου
Αποθηκεύτηκε σε:
| Κύριος συγγραφέας: | |
|---|---|
| Μορφή: | Βιβλίο |
| Γλώσσα: | Greek |
| Δημοσίευση: |
Αθήνα :
1953.
|
| Θέματα: | |
| Ετικέτες: |
Προσθήκη ετικέτας
Δεν υπάρχουν, Καταχωρήστε ετικέτα πρώτοι!
|
MARC
| LEADER | 00000cam a2200000 i 4500 | ||
|---|---|---|---|
| 001 | 1/99680 | ||
| 008 | 950404s1953 gr | ||| |||| ||gre|| | ||
| 035 | |l 10011399 | ||
| 040 | |a GR-MyUa |b gre |e AACR2 | ||
| 041 | 0 | |a gre | |
| 082 | 7 | |a 281.9 |2 (22) | |
| 100 | 0 | |a Γεννάδιος Μαζαράκης Αραμπατζόγλου, |c Μητροπολίτης Ηλιουπόλεως και Θείρων, |d 1883-1956. | |
| 245 | 1 | 0 | |a Ιστορία του Οικουμενικού Πατριαρχείου / |c Μητροπολίτου Ηλιουπόλεως και Θειρών Γενναδίου. |
| 260 | |a Αθήνα : |c 1953. | ||
| 300 | |a 445 σ. : |b εικ., χαρ. ; |c 25 εκ. | ||
| 610 | 1 | 0 | |a Constantinople (Ecumenical patriarchate) |
| 852 | |a INST |b LESVOS |e 19950404 |h 281.9 ΓΕΝ |p 005100001835 |q 005100001835 |t BK |y 0 | ||
| 970 | |z 2000/05/ΟΙΚΟΝΟΜΟΠΟΥΛΟΥ ΧΡΙΣΤΙΝΑ | ||